|
|
|
|
| LEADER |
00000nam a22000007a 4500 |
| 005 |
20190911215718.0 |
| 007 |
cr|||| |||| |
| 008 |
190911s2019 mx |||||s|||| 00||0 spa d |
| 020 |
|
|
|a 978-607-30-2037-4
|
| 035 |
|
|
|a 30295
|
| 040 |
|
|
|a vLex
|
| 090 |
|
|
|c 9473
|d 9473
|
| 100 |
1 |
|
|a Villarreal Lizr̀raga, Pedro Alejandro
|
| 245 |
1 |
0 |
|a Pandemias y derecho
|h [Recurso electrn̤ico] :
|b una perspectiva de gobernanza global /
|c Pedro Alejandro Villarreal Lizr̀raga
|
| 256 |
|
|
|a Servicio en ln̕ea
|
| 260 |
|
|
|a Ciudad de Mx̌ico:
|b Instituto de Investigaciones Jurd̕icas (IIJ) de la UNAM,
|c 2019
|
| 300 |
|
|
|a 1 recurso electrn̤ico
|
| 500 |
|
|
|a La presente obra ofrece un anl̀isis de los distintos mecanismos jurd̕icos internacionales en general, regionales y nacionales en cuanto a Mx̌ico, que fueron implementados durante la pandemia de influenza A(H1 N1) que inici ̤formalmente en 2009. Para tal efecto, en estas ln̕eas se emplea el concepto de la gober-nanza global como herramienta analt̕ica, a fin de explicar por qu ̌las categora̕s estrictamente jurd̕icas de derecho vl̀ido, vigente o vinculante no son suficientes para entender las correspondientes medidas aplicadas durante la pandemia en cita. Por el contrario, tales medidas requieren ser contrastadas con distintos documentos, directrices o instrumentos legalmente no vinculantes. Los resultados muestran cm̤o la aplicacin̤ o no de ciertas medidas sanitarias obedeci,̤ de manera relevante, a criterios tčnico-cientf̕icos derivados de estǹdares legalmente no vinculantes. Por lo tanto, la perspectiva de gobernanza global contribuye a incorporar todos estos elementos en un anl̀isis jurd̕ico, puesto que evaluar las medidas en cuestin̤ desde el punto de vista normativo requiere ir ms̀ all ̀de lo legalmente vinculante u obligatorio. Adems̀, la naturaleza intrn̕secamente global de las pandemias conlleva la necesidad de un anl̀isis multinivel capaz de reflejar, a grandes rasgos, lo relativo a los m̀bitos internacional en general, regional y nacional. Para todo ello es indispensable incorporar tambiň criterios provenientes de la medicina y la salud pb︢lica en el anl̀isis, ya que son los que permiten, en l︢tima instancia, apreciar la justificacin̤ de las medidas adoptadas durante la pandemia de influenza A(H1N1)
|
| 506 |
1 |
|
|a Disponible solo en los productos indicados
|d vLex Global
|d vLex Global (Academic Edition, excluding Law Schools)
|d vLex Global (U.S. Academic Edition, Law Schools)
|d vLex Global (U.S. Academic Edition, excluding Law Schools)
|d vLex Global (Academic Edition, Law Schools)
|
| 650 |
0 |
4 |
|a Derecho Pb︢lico y Administrativo
|z Mx̌ico
|
| 650 |
0 |
4 |
|a Derecho Internacional
|z Mx̌ico
|
| 740 |
0 |
|
|a vLex Libros (Servicio en ln̕ea)
|
| 856 |
4 |
0 |
|u http://vlex.com/source/pandemias-y-derecho-una-perspectiva-de-gobernanza-global-30295
|z Acceso restringido
|
| 942 |
|
|
|c BOOK
|
| 999 |
0 |
|
|a Public and Administrative Law
|
| 999 |
0 |
|
|a International Law
|